书目信息 |
| 题名: |
里约热内卢:狂欢者的都市
|
|
| 作者: | 卡斯特罗 著 ;关蓉 , 傅诗淇 译 | |
| 分册: | ||
| 出版信息: | 北京 新星出版社 2007.09 |
|
| 页数: | 216页 | |
| 开本: | 19cm | |
| 丛书名: | ||
| 单 册: | ||
| 中图分类: | I777.65 | |
| 科图分类: | ||
| 主题词: | 散文 , 散文--巴西--现代 | |
| 电子资源: | ||
| ISBN: | 978-7-80225-285-1 | |
| 000 | 01056nam0 2200301 450 | |
| 001 | 1252587451 | |
| 005 | 20120107143701.73 | |
| 010 | @a978-7-80225-285-1@dCNY18.00 | |
| 090 | @aI777.6@bkst | |
| 096 | @aI777.6@bkst | |
| 100 | @a20080102d2007 em y0chiy50 ea | |
| 101 | 1 | @achi@cpor |
| 102 | @aCN@b110000 | |
| 105 | @ay z 000cy | |
| 200 | 1 | @a里约热内卢:狂欢者的都市@b专著@dRio de Janeiro, carnival under fire@g傅诗淇,关蓉译@zpor@9li yue re nei lu : kuang huan zhe de du shi |
| 210 | @a北京@c新星出版社@d2007.09 | |
| 215 | @a216页@d19cm | |
| 300 | @a作家与城市 | |
| 330 | @a本书作者以特有的幽默和非凡的叙事天赋,把我们带进里约动荡的历史及始终覆盖其上的宁静与诗意,向我们弹奏了一支激情和诗意的狂想曲。 | |
| 510 | 1 | @aRio de Janeiro, carnival under fire@zpor |
| 606 | 0 | @a散文 |
| 606 | 0 | @a散文@y巴西@z现代 |
| 690 | @aI777.65@v4 | |
| 701 | 0 | @c(巴西)@a卡斯特罗@c(Castro, Ruy)@4著@9ka si te luo |
| 702 | 0 | @a关蓉@4译@9guan rong |
| 702 | 0 | @a傅诗淇@4译@9fu shi qi |
| 801 | 0 | @aCN@b110020@c20071015 |
| 905 | @aZUCC@dI777.65@eK096 | |
| 里约热内卢:狂欢者的都市=Rio de Janeiro, carnival under fire/傅诗淇,关蓉译.-北京:新星出版社,2007.09 |
| 216页;19cm |
| 作家与城市 |
| ISBN 978-7-80225-285-1:CNY18.00 |
| 本书作者以特有的幽默和非凡的叙事天赋,把我们带进里约动荡的历史及始终覆盖其上的宁静与诗意,向我们弹奏了一支激情和诗意的狂想曲。 |
| ● |
| 相关链接 |
|
|
|
正题名:里约热内卢:狂欢者的都市
索取号:I777.65/K096
 
预约/预借
| 序号 | 登录号 | 条形码 | 馆藏地/架位号 | 状态 | 备注 |
| 1 | 480263 | 204802632 | 社科二线422/422社科库 5排1列1层/ [索取号:I777.65/K096] | 在馆 | |
| 2 | 480264 | 204802641 | 文学库116/116文学库 30排6列2层/ [索取号:I777.65/K096] | 在馆 |